[Event "Golden Horseshoe op"]
[Site "Mississauga CAN"]
[Date "2018.06.02"]
[Round "1.10"]
[White "Zhao, Jeffrey R"]
[Black "Casareno, Erwin"]
[Result "1-0"]
[WhiteElo "1965"]
[BlackElo "2120"]
[PlyCount "101"]
[EventDate "2018.06.02"]
[EventType "swiss"]
[EventRounds "5"]
[EventCountry "CAN"]

1. e4 d5 2. exd5 Qxd5 3. Nc3 Qa5 4. d4 Nf6 5. Nf3 Bg4 6. Be2 e6 7. O-O Nbd7 8.
Bd2 Qb6 9. Na4 Qd6 10. Be3 Be7 11. Nc3 c6 12. a3 O-O 13. Qd2 Qc7 14. Rad1 Rfd8
15. Bf4 Bd6 16. Bxd6 Qxd6 17. h3 Bf5 18. Nh4 Bg6 19. Nxg6 hxg6 20. Bf3 Nb6 21.
Qc1 Qc7 22. Rfe1 Nc4 23. Ne4 Qb6 24. Nxf6+ gxf6 25. b3 Nd6 26. Qf4 Nf5 27. Re4
g5 28. Qg4 Rd7 29. b4 Rad8 30. c3 Qa6 31. Be2 Qxa3 32. f4 Ng7 33. Qf3 gxf4 34.
Rxf4 f5 35. Rh4 Qb3 36. Qe3 f6 37. Qh6 e5 38. Qxf6 Qf7 39. Qxf7+ Kxf7 40. Rh6
e4 41. Bc4+ Ke7 42. Rg6 Ne8 43. Be6 Rd6 44. Bxf5 Rxg6 45. Bxg6 Nd6 46. Re1 Kf6
47. Bxe4 Re8 48. Rf1+ Kg5 49. Bd3 Re3 50. Rd1 Kf4 51. Kf2 1-0

[Event "Golden Horseshoe op"]
[Site "Mississauga CAN"]
[Date "2018.06.02"]
[Round "1.12"]
[White "Chakkoli, Shiva"]
[Black "Ning, Eric"]
[Result "0-1"]
[WhiteElo "1945"]
[BlackElo "2068"]
[PlyCount "88"]
[EventDate "2018.06.02"]
[EventType "swiss"]
[EventRounds "5"]
[EventCountry "CAN"]

1. c4 Nf6 2. Nc3 d5 3. cxd5 Nxd5 4. e4 Nxc3 5. bxc3 g6 6. Bc4 Bg7 7. Ne2 O-O 8.
O-O c5 9. Rb1 Nc6 10. Ng3 Qc7 11. f4 Rd8 12. Qe2 Na5 13. f5 Nxc4 14. Qxc4 e5
15. Rf2 b6 16. h4 Qe7 17. h5 g5 18. a4 Rd6 19. a5 h6 20. a6 Bd7 21. Nf1 Rc8 22.
Ne3 b5 23. Nd5 Qd8 24. Qa2 Rcc6 25. Qa3 Bf8 26. d3 Rxa6 27. Qxc5 Bc6 28. Qe3
Bxd5 29. exd5 Rxd5 30. d4 exd4 31. cxd4 Qf6 32. Qf3 Qd6 33. Bb2 Rc6 34. Kh1 a5
35. Ra1 b4 36. Qb3 Bg7 37. Raf1 Bf6 38. Re2 Rc8 39. Rc2 Rxc2 40. Qxc2 Qg3 41.
Qe2 Qh4+ 42. Kg1 Bxd4+ 43. Bxd4 Qxd4+ 44. Kh2 Qe5+ 0-1

[Event "Golden Horseshoe op"]
[Site "Mississauga CAN"]
[Date "2018.06.02"]
[Round "2.2"]
[White "Sambuev, Bator"]
[Black "Kang, Dorian"]
[Result "1-0"]
[WhiteElo "2589"]
[BlackElo "2102"]
[PlyCount "71"]
[EventDate "2018.06.02"]
[EventType "swiss"]
[EventRounds "5"]
[EventCountry "CAN"]

1. d4 Nf6 2. Nf3 g6 3. Bg5 Bg7 4. Nbd2 O-O 5. e4 d6 6. Be2 Nbd7 7. O-O c5 8. c3
h6 9. Bh4 b6 10. Re1 Bb7 11. e5 dxe5 12. dxe5 Nd5 13. Bc4 Nc7 14. a4 Kh7 15.
Qc2 a6 16. e6 fxe6 17. Bd3 Qe8 18. Bg3 e5 19. h4 Bd5 20. h5 Bf7 21. Nc4 Rg8 22.
Ncxe5 Bxe5 23. Nxe5 Nxe5 24. Rxe5 Ra7 25. Rae1 e6 26. c4 Kg7 27. a5 bxa5 28.
Rxc5 Qe7 29. Be5+ Kf8 30. Rc6 Qd7 31. Rd6 Qc8 32. hxg6 Be8 33. Qd2 Bxg6 34.
Qxh6+ Kf7 35. Bxg6+ Rxg6 36. Qh7+ 1-0

[Event "Golden Horseshoe op"]
[Site "Mississauga CAN"]
[Date "2018.06.02"]
[Round "2.4"]
[White "Hua, Eugene"]
[Black "Issani, Nameer"]
[Result "1-0"]
[WhiteElo "2411"]
[BlackElo "2221"]
[PlyCount "119"]
[EventDate "2018.06.02"]
[EventType "swiss"]
[EventRounds "5"]
[EventCountry "CAN"]

1. e4 e5 2. Nf3 Nc6 3. d4 exd4 4. Nxd4 Nf6 5. Nxc6 bxc6 6. e5 Qe7 7. Qe2 Nd5 8.
c4 Nb6 9. Nd2 d6 10. exd6 cxd6 11. b3 Qxe2+ 12. Bxe2 Be7 13. Bb2 O-O 14. O-O d5
15. cxd5 cxd5 16. Nf3 Be6 17. Rac1 Rac8 18. Ba6 Rxc1 19. Rxc1 Bc8 20. Bd3 Bd6
21. a4 Nd7 22. Bd4 a5 23. Bb5 Nf6 24. Ne5 Bf5 25. Nc6 Bf4 26. Ra1 Bc2 27. Nxa5
Bd2 28. Ra2 Bxa5 29. Rxc2 Ne4 30. f3 Nd6 31. Bd3 Re8 32. Rc5 Bb4 33. Rxd5 Re1+
34. Kf2 Rd1 35. Be3 g6 36. Be4 Ra1 37. Bd2 Ra2 38. Ke3 Ba3 39. Bd3 f5 40. Bc4
Nxc4+ 41. bxc4 Kf7 42. Kd3 Ke6 43. a5 Bd6 44. Rb5 Kd7 45. Rb7+ Kc6 46. Rb6+ Kc7
47. h3 Ra3+ 48. Kc2 Be5 49. Rb3 Ra2+ 50. Kd3 Kc6 51. g4 Bc7 52. gxf5 gxf5 53.
Rb5 Ra3+ 54. Bc3 Bg3 55. Kc2 Ra2+ 56. Bb2 Be1 57. Re5 Bf2 58. Rd5 Be1 59. Rxf5
Rxa5 60. Rxa5 1-0

[Event "Golden Horseshoe op"]
[Site "Mississauga CAN"]
[Date "2018.06.02"]
[Round "2.5"]
[White "Rusonik, Max"]
[Black "Buscar, Michael"]
[Result "0-1"]
[WhiteElo "1976"]
[BlackElo "2215"]
[PlyCount "116"]
[EventDate "2018.06.02"]
[EventType "swiss"]
[EventRounds "5"]
[EventCountry "CAN"]

1. e4 c6 2. d4 d6 3. f4 Nf6 4. Nc3 g6 5. Nf3 Bg7 6. Be3 O-O 7. a3 Nbd7 8. Qd2
Ng4 9. Bg1 c5 10. O-O-O cxd4 11. Bxd4 e5 12. Bg1 exf4 13. h3 Ne3 14. Bxe3 fxe3
15. Qxe3 Ne5 16. Nb5 Nxf3 17. gxf3 Qh4 18. Kb1 Rd8 19. Bc4 Qe7 20. Rd2 a6 21.
Nc3 Be6 22. Nd5 Qh4 23. Qf2 Qxf2 24. Rxf2 b5 25. Bb3 Ra7 26. f4 Bd4 27. Rf3 Kg7
28. Rd1 Bc5 29. Rfd3 f5 30. exf5 Bxf5 31. Rg3 Re8 32. Kc1 Re2 33. Rd2 Re1+ 34.
Rd1 Re4 35. Rf1 Re2 36. Rff3 Rh2 37. Ne3 Be4 38. Rf1 Re2 39. Nd5 Rg2 40. Rg4 h5
41. Rg5 Rxg5 42. fxg5 Bg2 43. Rf6 Bxh3 44. Kd2 Bf5 45. Nf4 h4 46. Be6 Bd4 47.
Bxf5 Bxf6 48. gxf6+ Kxf6 49. Bxg6 Kg5 50. Ke3 h3 51. Be4 h2 52. Nd5 Rf7 53. Bg2
Kf5 54. Nb4 Rc7 55. Kd3 a5 56. Nc6 Rg7 57. Be4+ Kf4 58. Nd4 Rg3+ 0-1

[Event "Golden Horseshoe op"]
[Site "Mississauga CAN"]
[Date "2018.06.02"]
[Round "2.6"]
[White "Li, William"]
[Black "Papneja, Arul"]
[Result "1/2-1/2"]
[WhiteElo "2219"]
[BlackElo "1934"]
[PlyCount "57"]
[EventDate "2018.06.02"]
[EventType "swiss"]
[EventRounds "5"]
[EventCountry "CAN"]

1. e4 c5 2. Nf3 d6 3. Bb5+ Bd7 4. Bxd7+ Nxd7 5. O-O Ngf6 6. Qe2 Rc8 7. c3 e6 8.
Rd1 Be7 9. d4 cxd4 10. cxd4 d5 11. e5 Ne4 12. Ne1 Qb6 13. Be3 f6 14. f3 Ng5 15.
Bxg5 fxg5 16. a4 O-O 17. a5 Qa6 18. Qxa6 bxa6 19. Nd2 Bb4 20. Ra4 Bxd2 21. Rxd2
Rc1 22. Kf2 Rfc8 23. Rb4 R8c7 24. Rd3 Ra1 25. Ra3 Rxa3 26. bxa3 Kf7 27. Ke2 Ke7
28. Kd2 Kd8 29. Nd3 1/2-1/2

[Event "Golden Horseshoe op"]
[Site "Mississauga CAN"]
[Date "2018.06.02"]
[Round "2.7"]
[White "Xu, Daniel"]
[Black "Zhao, Jeffrey R"]
[Result "1-0"]
[WhiteElo "2075"]
[BlackElo "1965"]
[PlyCount "116"]
[EventDate "2018.06.02"]
[EventType "swiss"]
[EventRounds "5"]
[EventCountry "CAN"]

1. d4 d5 2. c4 c6 3. Nf3 Nf6 4. Bg5 e6 5. e3 Nbd7 6. Bd3 Bd6 7. Nc3 O-O 8. O-O
h6 9. Bh4 dxc4 10. Bxc4 b5 11. Bd3 Bb7 12. Ne4 Be7 13. Nxf6+ Bxf6 14. Bxf6 Qxf6
15. Rc1 Rac8 16. Qe2 a6 17. b4 Rfe8 18. Qc2 e5 19. Bf5 Rc7 20. Bxd7 Rxd7 21.
Nxe5 Rde7 22. Nd3 Qg5 23. Qc5 Qg6 24. Ne5 Qe4 25. Nf3 Qe6 26. Rc2 Rd8 27. Qe5
Qd7 28. Qh5 Qd6 29. Rc5 Qe6 30. Qe5 Qd7 31. Qg3 Re6 32. Ne5 Qe8 33. Rfc1 Rdd6
34. h4 Qa8 35. R1c3 a5 36. Ra3 a4 37. f4 Qe8 38. f5 Re7 39. Ng4 Red7 40. f6 Qf8
41. Nxh6+ Kh7 42. fxg7 Qxg7 43. Qxg7+ Kxg7 44. Nf5+ Kg6 45. Nxd6 Rxd6 46. g3
Bc8 47. Rac3 Bd7 48. Kg2 Rf6 49. e4 Rd6 50. d5 cxd5 51. exd5 f6 52. Kf3 Bf5 53.
Rxb5 Bb1 54. a3 Kf5 55. g4+ Ke5 56. Re3+ Kd4 57. Re6 Rd7 58. d6 Bc2 1-0

[Event "Golden Horseshoe op"]
[Site "Mississauga CAN"]
[Date "2018.06.02"]
[Round "2.8"]
[White "Nemati, Omid"]
[Black "Jiang, Brian"]
[Result "0-1"]
[WhiteElo "1972"]
[BlackElo "2124"]
[PlyCount "61"]
[EventDate "2018.06.02"]
[EventType "swiss"]
[EventRounds "5"]
[EventCountry "CAN"]

1. e4 c5 2. Nf3 Nc6 3. Bb5 e6 4. O-O Nge7 5. Re1 Nd4 6. Nxd4 cxd4 7. c3 Nc6 8.
Bf1 d5 9. Qf3 dxe4 10. Qxe4 a6 11. b4 Be7 12. b5 axb5 13. Bxb5 Qb6 14. Bxc6+
bxc6 15. cxd4 Ra4 16. Qc2 Rxd4 17. Bb2 Rf4 18. d3 O-O 19. Na3 Ba6 20. Rab1 Qa7
21. d4 c5 22. g3 Rf5 23. Re5 cxd4 24. Rxf5 exf5 25. Qxf5 Rb8 26. Qe4 Rxb2 27.
Rxb2 Bxa3 28. Qe8+ Bf8 29. Rb8 Qc5 30. Qa4 Be2 31. Qe8 0-1

[Event "Golden Horseshoe op"]
[Site "Mississauga CAN"]
[Date "2018.06.02"]
[Round "2.10"]
[White "He, Emma"]
[Black "Profit, Brian"]
[Result "0-1"]
[WhiteElo "1949"]
[BlackElo "2054"]
[PlyCount "54"]
[EventDate "2018.06.02"]
[EventType "swiss"]
[EventRounds "5"]
[EventCountry "CAN"]

1. e4 e6 2. d4 d5 3. Nd2 c5 4. exd5 Qxd5 5. dxc5 Nf6 6. Ngf3 Qxc5 7. Bd3 Be7 8.
O-O O-O 9. Qe2 Nbd7 10. Nc4 Qc7 11. c3 b6 12. Bg5 Bb7 13. Nce5 Nxe5 14. Nxe5
Rfd8 15. Rfe1 Qc8 16. Bxf6 Bxf6 17. Bxh7+ Kf8 18. Qh5 Qc7 19. Bc2 Rd2 20. Ba4
Rad8 21. Ng4 Qf4 22. Bb3 Rxb2 23. Rad1 Rbd2 24. Rxd2 Rxd2 25. Rd1 Rxd1+ 26.
Bxd1 Qd2 27. Ne3 Qe1+ 0-1

[Event "Golden Horseshoe op"]
[Site "Mississauga CAN"]
[Date "2018.06.02"]
[Round "2.11"]
[White "Chen, Max"]
[Black "Noor Ali, Aahil"]
[Result "1/2-1/2"]
[WhiteElo "2026"]
[BlackElo "2047"]
[PlyCount "76"]
[EventDate "2018.06.02"]
[EventType "swiss"]
[EventRounds "5"]
[EventCountry "CAN"]

1. e4 e5 2. Nf3 Nc6 3. Bc4 Bc5 4. c3 Nf6 5. d3 d6 6. O-O O-O 7. Re1 Bb6 8. Bb3
Ne7 9. Nbd2 Ng6 10. Nf1 Be6 11. Ng3 c6 12. h3 h6 13. d4 Qc7 14. Be3 Rfe8 15.
Qc2 Rad8 16. Rad1 Qc8 17. Kh2 Bc7 18. c4 Ba5 19. Bd2 Bxd2 20. Rxd2 Nf4 21. Ng1
g5 22. dxe5 dxe5 23. Rxd8 Rxd8 24. c5 g4 25. Bxe6 fxe6 26. Re3 Qd7 27. Qb3 Kh7
28. N1e2 gxh3 29. gxh3 Qe7 30. Qc2 Kh8 31. Rf3 Nxe2 32. Qxe2 Nh7 33. Rd3 Rxd3
34. Qxd3 Qxc5 35. Kg2 Qd4 36. Qa3 Ng5 37. Qf8+ Kh7 38. Qe7+ Kh8 1/2-1/2

[Event "Golden Horseshoe op"]
[Site "Mississauga CAN"]
[Date "2018.06.02"]
[Round "2.12"]
[White "Feng, Richard"]
[Black "Chakkoli, Shiva"]
[Result "1-0"]
[WhiteElo "1993"]
[BlackElo "1945"]
[PlyCount "61"]
[EventDate "2018.06.02"]
[EventType "swiss"]
[EventRounds "5"]
[EventCountry "CAN"]

1. e4 e5 2. Nf3 Nc6 3. Bc4 Be7 4. c3 Nf6 5. d3 O-O 6. Bb3 d5 7. Nbd2 Bg4 8. h3
Bh5 9. g4 dxe4 10. dxe4 Bg6 11. Qe2 Kh8 12. Bc2 Ne8 13. Nf1 a5 14. h4 h5 15.
gxh5 Bxh5 16. Ng3 Bg4 17. Bg5 a4 18. Nf5 f6 19. Rd1 Nd6 20. Rg1 Bh5 21. Bc1 Rf7
22. Rxd6 cxd6 23. Ng5 fxg5 24. Qxh5+ Kg8 25. hxg5 Rxf5 26. exf5 Qe8 27. g6 Bf6
28. Bg5 Qd8 29. Qh7+ Kf8 30. Qh8+ Ke7 31. Bxf6+ 1-0

[Event "Golden Horseshoe op"]
[Site "Mississauga CAN"]
[Date "2018.06.02"]
[Round "3.3"]
[White "Buscar, Michael"]
[Black "Li, William"]
[Result "1/2-1/2"]
[WhiteElo "2215"]
[BlackElo "2219"]
[PlyCount "48"]
[EventDate "2018.06.02"]
[EventType "swiss"]
[EventRounds "5"]
[EventCountry "CAN"]

1. c4 Nf6 2. Nc3 e6 3. d4 Bb4 4. Qc2 O-O 5. e3 b6 6. Bd3 c5 7. Nge2 Bb7 8. O-O
cxd4 9. exd4 h6 10. a3 Be7 11. Rd1 d5 12. Be3 Qd7 13. cxd5 Nxd5 14. Nxd5 Bxd5
15. Rac1 Bb7 16. Bh7+ Kh8 17. Be4 Na6 18. Bxb7 Qxb7 19. Qc6 Qxc6 20. Rxc6 Rac8
21. Rdc1 Rxc6 22. Rxc6 Rd8 23. Nc3 Bf6 24. Nb5 e5 1/2-1/2

[Event "Golden Horseshoe op"]
[Site "Mississauga CAN"]
[Date "2018.06.03"]
[Round "3.4"]
[White "Papneja, Arul"]
[Black "Issani, Nameer"]
[Result "0-1"]
[WhiteElo "1934"]
[BlackElo "2221"]
[PlyCount "80"]
[EventDate "2018.06.02"]
[EventType "swiss"]
[EventRounds "5"]
[EventCountry "CAN"]

1. d4 Nf6 2. Nf3 e6 3. Bf4 d5 4. e3 Nbd7 5. Nbd2 b6 6. Bd3 Bb7 7. O-O Be7 8.
Ne5 O-O 9. Qe2 c5 10. c3 a6 11. a4 Nxe5 12. dxe5 Nd7 13. e4 c4 14. Bc2 Nc5 15.
exd5 exd5 16. Be3 Ne6 17. Rad1 Qc7 18. f4 f5 19. Nf3 Bc5 20. Nd4 Bxd4 21. Bxd4
b5 22. Qh5 g6 23. Qh3 Qd7 24. Kh1 bxa4 25. Be3 Qb5 26. Bc1 Rad8 27. Rd4 Nxd4
28. cxd4 Bc8 29. Qc3 Bd7 30. Rf3 Rb8 31. h4 Qb4 32. h5 Rb6 33. hxg6 hxg6 34.
Qe3 Qe7 35. g4 fxg4 36. Rg3 Bf5 37. Bxa4 Qh4+ 38. Kg1 Rf7 39. Rg2 Rh7 40. Kf1
Bd3+ 0-1

[Event "Golden Horseshoe op"]
[Site "Mississauga CAN"]
[Date "2018.06.03"]
[Round "3.5"]
[White "Jiang, Brian"]
[Black "Xu, Daniel"]
[Result "1/2-1/2"]
[WhiteElo "2124"]
[BlackElo "2075"]
[PlyCount "90"]
[EventDate "2018.06.02"]
[EventType "swiss"]
[EventRounds "5"]
[EventCountry "CAN"]

1. d4 Nf6 2. c4 g6 3. Nc3 Bg7 4. Nf3 d6 5. Bg5 O-O 6. e3 Nbd7 7. Be2 h6 8. Bh4
e5 9. O-O Re8 10. Qc2 c6 11. Rfd1 Qc7 12. b4 Nf8 13. dxe5 dxe5 14. Nd2 Bf5 15.
Qb3 N8d7 16. c5 Be6 17. Bc4 b6 18. cxb6 axb6 19. Rac1 c5 20. Nce4 Qa7 21. bxc5
Nxc5 22. Nxc5 bxc5 23. Bxf6 Bxc4 24. Qxc4 Bxf6 25. Ne4 Be7 26. Rc2 Qa4 27. Qxa4
Rxa4 28. Nxc5 Bxc5 29. Rxc5 Rxa2 30. g3 Ra7 31. Rdd5 Rae7 32. g4 Kg7 33. Kg2 f6
34. h4 Ra8 35. Rd6 Ra4 36. f3 g5 37. hxg5 hxg5 38. Rcc6 Rf7 39. Kf2 Ra2+ 40.
Ke1 Rb7 41. Rd2 Rb1+ 42. Ke2 Rxd2+ 43. Kxd2 Rf1 44. Ke2 Ra1 45. Kd3 Ra4 1/2-1/2

[Event "Golden Horseshoe op"]
[Site "Mississauga CAN"]
[Date "2018.06.03"]
[Round "3.6"]
[White "Kang, Dorian"]
[Black "Feng, Richard"]
[Result "0-1"]
[WhiteElo "2102"]
[BlackElo "1993"]
[PlyCount "108"]
[EventDate "2018.06.02"]
[EventType "swiss"]
[EventRounds "5"]
[EventCountry "CAN"]

1. c4 e5 2. Nc3 f5 3. d4 exd4 4. Qxd4 Nf6 5. Nf3 Nc6 6. Qd1 Bb4 7. Bd2 O-O 8.
a3 Be7 9. e3 d6 10. Be2 Be6 11. Nd4 Qd7 12. O-O Ne5 13. b3 c5 14. Nxe6 Qxe6 15.
Bf3 Nxf3+ 16. Qxf3 Ne4 17. Nxe4 fxe4 18. Qe2 Bf6 19. Rac1 Bb2 20. Rc2 Bxa3 21.
Ra1 Bb4 22. Bxb4 cxb4 23. Qd2 a5 24. Qd4 Rf5 25. Rd2 Ra6 26. Rda2 Rc5 27. Ra4
Rg5 28. g3 Rh5 29. h4 Qg4 30. Qd1 Qxd1+ 31. Rxd1 b5 32. cxb5 Rxb5 33. Rd4 d5
34. Ra1 Rc6 35. Rad1 Rcc5 36. Kf1 Kf7 37. Ke2 Ke6 38. Kd2 Rc3 39. Rb1 Rbc5 40.
Kd1 h5 41. Rd2 Ke5 42. Ra2 Rd3+ 43. Ke2 Rdc3 44. Kd1 d4 45. exd4+ Kxd4 46. Rba1
Rxb3 47. Rxa5 Rxa5 48. Rxa5 Ra3 49. Rxh5 Ra2 50. Rb5 Kc4 51. Re5 Rxf2 52. Rxe4+
Kd3 53. Re1 Ra2 54. Kc1 Ra1+ 0-1

[Event "Golden Horseshoe op"]
[Site "Mississauga CAN"]
[Date "2018.06.03"]
[Round "3.7"]
[White "Zhao, Jeffrey R"]
[Black "Lin, Benjamin"]
[Result "1/2-1/2"]
[WhiteElo "1965"]
[BlackElo "2093"]
[PlyCount "73"]
[EventDate "2018.06.02"]
[EventType "swiss"]
[EventRounds "5"]
[EventCountry "CAN"]

1. e4 c5 2. Nf3 e6 3. d4 cxd4 4. Nxd4 Nc6 5. Nc3 Qc7 6. Be3 a6 7. Be2 Nf6 8.
O-O b5 9. a3 Be7 10. f4 b4 11. axb4 Nxb4 12. Bf3 Bb7 13. Qe2 O-O 14. Rfd1 d5
15. e5 Nd7 16. Qf2 Bc5 17. Nce2 Rfc8 18. c3 Nc6 19. Rac1 Na5 20. b4 Bxd4 21.
Bxd4 Nb3 22. Rc2 Nxd4 23. Nxd4 Nb6 24. Be2 Nc4 25. Bd3 Bc6 26. Bxc4 dxc4 27.
Nxc6 Qxc6 28. Rcd2 g6 29. Rd7 a5 30. bxa5 Rxa5 31. Qh4 Qb6+ 32. Kf1 Rf8 33.
R7d6 Qe3 34. Rd8 Ra8 35. Rxa8 Rxa8 36. Rd8+ Rxd8 37. Qxd8+ 1/2-1/2

[Event "Golden Horseshoe op"]
[Site "Mississauga CAN"]
[Date "2018.06.03"]
[Round "3.9"]
[White "Noor Ali, Aahil"]
[Black "Brajkovic, Nikola"]
[Result "1-0"]
[WhiteElo "2047"]
[BlackElo "1998"]
[PlyCount "104"]
[EventDate "2018.06.02"]
[EventType "swiss"]
[EventRounds "5"]
[EventCountry "CAN"]

1. d4 d5 2. c4 e6 3. Nc3 Nf6 4. cxd5 exd5 5. Bg5 Be7 6. e3 O-O 7. Bd3 c6 8.
Nge2 h6 9. Bh4 Nbd7 10. O-O Nh5 11. Ng3 Nxg3 12. Bxg3 f5 13. f3 Bg5 14. Bf2 Bh4
15. g3 Bf6 16. Bxf5 Be7 17. e4 Nb6 18. Bxc8 Rxc8 19. e5 Qd7 20. Ne2 Rxf3 21.
Nf4 Qg4 22. h3 Rxg3+ 23. Bxg3 Qxg3+ 24. Kh1 Bg5 25. Rf3 Qh4 26. Qe1 Qxe1+ 27.
Rxe1 Rf8 28. Ref1 Bxf4 29. Rxf4 Re8 30. Kh2 Nc8 31. h4 h5 32. b4 Ne7 33. Rf7 a6
34. a4 g6 35. R1f4 b6 36. R7f6 a5 37. bxa5 bxa5 38. Re6 Rf8 39. Rff6 Rf7 40.
Rd6 Kg7 41. Kg2 Nf5 42. Rxg6+ Kf8 43. Rd8+ Ke7 44. Rgg8 Ke6 45. Rge8+ Ne7 46.
Ra8 Kf5 47. Ra7 Rg7+ 48. Kf2 Ke6 49. Rxa5 Kf7 50. Rxe7+ Kxe7 51. Ra7+ Kf8 52.
Rxg7 Kxg7 1-0

[Event "Golden Horseshoe op"]
[Site "Mississauga CAN"]
[Date "2018.06.03"]
[Round "3.10"]
[White "He, Emma"]
[Black "Casareno, Erwin"]
[Result "0-1"]
[WhiteElo "1949"]
[BlackElo "2120"]
[PlyCount "62"]
[EventDate "2018.06.02"]
[EventType "swiss"]
[EventRounds "5"]
[EventCountry "CAN"]

1. e4 c5 2. Nf3 d6 3. c3 Nf6 4. h3 Nc6 5. Bd3 e5 6. Bc2 Qb6 7. d3 g6 8. O-O Bg7
9. Nbd2 O-O 10. Re1 d5 11. Nf1 d4 12. cxd4 cxd4 13. N3h2 Nh5 14. Ng3 Nxg3 15.
fxg3 Be6 16. g4 Rac8 17. Bb1 Rc7 18. Qe2 Rfc8 19. Bg5 h6 20. Bh4 Nb4 21. Qf3 g5
22. Bf2 Rc1 23. a3 Rxe1+ 24. Bxe1 Rc1 25. Qe2 Nxd3 26. Qxd3 Rxe1+ 27. Kf2 Qxb2+
28. Kxe1 Qxa1 29. Kd2 Qb2+ 30. Bc2 b5 31. Nf3 Bc4 0-1

[Event "Golden Horseshoe op"]
[Site "Mississauga CAN"]
[Date "2018.06.03"]
[Round "3.11"]
[White "Chakkoli, Shiva"]
[Black "Nemati, Omid"]
[Result "1/2-1/2"]
[WhiteElo "1945"]
[BlackElo "1972"]
[PlyCount "114"]
[EventDate "2018.06.02"]
[EventType "swiss"]
[EventRounds "5"]
[EventCountry "CAN"]

1. c4 c5 2. Nc3 Nc6 3. e4 g6 4. g3 Bg7 5. Bg2 d6 6. d3 e6 7. Nge2 Nge7 8. O-O
O-O 9. f4 f5 10. Be3 Nd4 11. Qd2 Nec6 12. exf5 gxf5 13. Bf2 Qf6 14. Rab1 Rb8
15. Kh1 Bd7 16. a3 Nb3 17. Qd1 Ncd4 18. Nb5 Nxb5 19. Qxb3 Nd4 20. Nxd4 cxd4 21.
Qb4 e5 22. Rbe1 Bc6 23. Qa5 Bxg2+ 24. Kxg2 a6 25. Qd5+ Kh8 26. c5 dxc5 27. fxe5
Qc6 28. Qxc6 bxc6 29. Re2 Rfe8 30. e6 Re7 31. Kf3 Bh6 32. b4 cxb4 33. Bxd4+ Bg7
34. Bc5 Ree8 35. Bxb4 Rbd8 36. Rd1 Bd4 37. e7 Rd5 38. Re6 a5 39. Bd6 Kg8 40.
Rb1 Rb5 41. Rxb5 cxb5 42. Kf4 Kf7 43. Kxf5 Bc3 44. Re4 Bf6 45. Re6 Bxe7 46.
Bxe7 Rxe7 47. Rxe7+ Kxe7 48. Ke5 b4 49. axb4 axb4 50. Kd4 Kd6 51. Kc4 Ke5 52.
Kxb4 Kd4 53. Kb5 Kxd3 54. Kc5 Ke4 55. Kd6 Kf3 56. Ke6 Kg4 57. Kf6 h5 1/2-1/2

[Event "Golden Horseshoe op"]
[Site "Mississauga CAN"]
[Date "2018.06.03"]
[Round "4.3"]
[White "Hua, Eugene"]
[Black "Li, William"]
[Result "1-0"]
[WhiteElo "2411"]
[BlackElo "2219"]
[PlyCount "83"]
[EventDate "2018.06.02"]
[EventType "swiss"]
[EventRounds "5"]
[EventCountry "CAN"]

1. e4 c5 2. Nf3 d6 3. d4 cxd4 4. Qxd4 Nc6 5. Bb5 Bd7 6. Bxc6 bxc6 7. O-O e5 8.
Qd3 Qc7 9. c4 h6 10. Nc3 Nf6 11. b4 Rc8 12. Be3 Be6 13. Rfc1 Be7 14. b5 c5 15.
a4 O-O 16. a5 Qd8 17. Nd2 Ng4 18. Nd5 f5 19. exf5 Bxf5 20. Ne4 Bh4 21. Rf1 Qe8
22. f3 Qg6 23. Ndc3 Nf6 24. Qxd6 Rfd8 25. Qxe5 Bxe4 26. Nxe4 Re8 27. Qd6 Rcd8
28. Qxc5 Nxe4 29. fxe4 Qxe4 30. Rf4 Qd3 31. Rxh4 Rxe3 32. Rf1 Re2 33. Rhf4 Qg6
34. R4f2 Rdd2 35. Rxe2 Rxe2 36. Qd5+ Kh7 37. c5 h5 38. h4 Qe8 39. Qd3+ g6 40.
c6 Kh6 41. c7 Qe6 42. c8=Q 1-0

[Event "Golden Horseshoe op"]
[Site "Mississauga CAN"]
[Date "2018.06.03"]
[Round "4.4"]
[White "Issani, Nameer"]
[Black "Feng, Richard"]
[Result "0-1"]
[WhiteElo "2221"]
[BlackElo "1993"]
[PlyCount "112"]
[EventDate "2018.06.02"]
[EventType "swiss"]
[EventRounds "5"]
[EventCountry "CAN"]

1. d4 f5 2. c4 Nf6 3. Nc3 g6 4. g3 Bg7 5. Bg2 O-O 6. Nf3 d6 7. O-O Qe8 8. Re1
Na6 9. Bg5 Ne4 10. Bd2 c5 11. e3 Qf7 12. Qe2 h6 13. a3 g5 14. Qd3 Rb8 15. h4
Bd7 16. hxg5 hxg5 17. Rab1 cxd4 18. exd4 Bh6 19. Rbd1 Nxd2 20. Nxd2 Nc7 21. Nf3
Qf6 22. d5 g4 23. Nd4 f4 24. Ne4 Qf7 25. gxf4 Bxf4 26. Ng3 b5 27. b3 bxc4 28.
bxc4 Na6 29. Qe2 Be5 30. Be4 Nc5 31. Bf5 Bxg3 32. Qxg4+ Qg7 33. Qxg7+ Kxg7 34.
Rxe7+ Kf6 35. Rxd7 Nxd7 36. Bxd7 Bh4 37. Nb5 Ke7 38. Bc6 Bxf2+ 39. Kg2 a6 40.
Nc7 Rb3 41. Ne6 Rf6 42. Rh1 Rg3+ 43. Kf1 Rf7 44. Ke2 Bb6 45. c5 Rg2+ 46. Ke3
Rg3+ 47. Ke2 Bxc5 48. Nxc5 dxc5 49. a4 c4 50. Rc1 c3 51. Rc2 Rg2+ 52. Kd3 Rf3+
53. Kc4 Rxc2 54. d6+ Kxd6 55. Bxf3 Rf2 56. Be4 c2 0-1

[Event "Golden Horseshoe op"]
[Site "Mississauga CAN"]
[Date "2018.06.03"]
[Round "4.5"]
[White "Papneja, Arul"]
[Black "Jiang, Brian"]
[Result "1-0"]
[WhiteElo "1934"]
[BlackElo "2124"]
[PlyCount "59"]
[EventDate "2018.06.02"]
[EventType "swiss"]
[EventRounds "5"]
[EventCountry "CAN"]

1. d4 Nf6 2. Nf3 e6 3. Bf4 c5 4. e3 Nc6 5. c3 d5 6. Nbd2 Bd6 7. Bg3 O-O 8. Bd3
b6 9. e4 Be7 10. e5 Nh5 11. Ng5 Bxg5 12. Qxh5 g6 13. Qf3 cxd4 14. h4 Be7 15. h5
f5 16. hxg6 hxg6 17. Bf4 Rf7 18. Rh6 Rg7 19. Qh3 Qc7 20. Nf3 dxc3 21. Rh8+ Kf7
22. Rh7 cxb2 23. Rxg7+ Kxg7 24. Qh6+ Kf7 25. Qh7+ Ke8 26. Qxg6+ Kd7 27. Rb1
Bb4+ 28. Kf1 Ne7 29. Bb5+ Nc6 30. Nd4 1-0

[Event "Golden Horseshoe op"]
[Site "Mississauga CAN"]
[Date "2018.06.03"]
[Round "4.7"]
[White "Xu, Daniel"]
[Black "Noor Ali, Aahil"]
[Result "0-1"]
[WhiteElo "2075"]
[BlackElo "2047"]
[PlyCount "78"]
[EventDate "2018.06.02"]
[EventType "swiss"]
[EventRounds "5"]
[EventCountry "CAN"]

1. d4 Nf6 2. c4 e6 3. Nf3 b6 4. e3 Bb7 5. Bd3 d5 6. b3 Bb4+ 7. Bd2 Qe7 8. a3
Bxd2+ 9. Nbxd2 Nbd7 10. O-O O-O 11. Qc2 c5 12. Ne5 h6 13. f4 Rac8 14. f5 dxc4
15. Ndxc4 cxd4 16. fxe6 Nxe5 17. exd4 Nxc4 18. exf7+ Rxf7 19. Bxc4 Bd5 20. Rae1
Qd7 21. Qd3 Bxc4 22. bxc4 Qc7 23. Rc1 Ng4 24. Qh3 Rf4 25. Rcd1 Rcf8 26. Rfe1
Qxc4 27. Qd3 Qxd3 28. Rxd3 Nf2 29. Rf3 Ng4 30. Rd3 Nf2 31. Rf3 Rxf3 32. gxf3
Nh3+ 33. Kg2 Nf4+ 34. Kg3 g5 35. Re7 Rf7 36. Re4 Rd7 37. h4 Rxd4 38. Re7 gxh4+
39. Kf2 h3 0-1

[Event "Golden Horseshoe op"]
[Site "Mississauga CAN"]
[Date "2018.06.03"]
[Round "4.8"]
[White "Rusonik, Max"]
[Black "Ning, Eric"]
[Result "1-0"]
[WhiteElo "1976"]
[BlackElo "2068"]
[PlyCount "87"]
[EventDate "2018.06.02"]
[EventType "swiss"]
[EventRounds "5"]
[EventCountry "CAN"]

1. e4 c5 2. Nf3 Nc6 3. d4 cxd4 4. Nxd4 g6 5. c4 Bg7 6. Be3 Nh6 7. Nc3 O-O 8.
Be2 f5 9. Qd2 f4 10. Bxf4 Bxd4 11. Bxh6 Bxf2+ 12. Kd1 Rf7 13. Be3 Bxe3 14. Qxe3
d6 15. Kc2 Be6 16. Rac1 Qa5 17. Kb1 Ne5 18. b3 a6 19. h4 h5 20. Qg5 Kh7 21. g4
Bxg4 22. Bxg4 hxg4 23. h5 Rg7 24. hxg6+ Kg8 25. Nd5 Qd8 26. Rh6 Qe8 27. Nc7
Rxg6 28. Rxg6+ Qxg6 29. Qxg6+ Nxg6 30. Nxa8 Kg7 31. Nc7 Kf6 32. Kc2 Ke5 33. Kd3
Kf4 34. Nd5+ Kg3 35. Ke3 Kh2 36. Nf4 Nh4 37. Kf2 g3+ 38. Kf1 e5 39. Rc2+ Kh1
40. Ng2 Nf3 41. Ne3 Nh2+ 42. Ke2 g2 43. Nxg2 Kxg2 44. Rd2 1-0